000 005180000a22001810004500
003 MACL
005 20150726173257.0
008 150726b xxu||||| |||| 00| 0 eng d
040 _aMACL
_cMACL
041 _aEnglish
082 _a330/CHA
100 _aChakraborty, Debashis
_92707
245 _aThe Wto Deadlocked
_bUnderstanding the Dynamics of International Trade
260 _bRaja Ram Mohan Roy Library Foundation
_c2008
_aNew Delhi
350 _a650.00
650 _aEconomics
_92708
942 _cBK
_k330/CHA
_2ddc
999 _c41135
_d41135